|
|
|
|
| LEADER |
00000naa2a2200000 4500 |
| 001 |
227766 |
| 005 |
20231031201358.0 |
| 035 |
|
|
|a (RuTPU)RU\TPU\book\248205
|
| 035 |
|
|
|a RU\TPU\book\182170
|
| 090 |
|
|
|a 227766
|
| 100 |
|
|
|a 20121210d1999 k y0engy50 ba
|
| 101 |
0 |
|
|a eng
|
| 102 |
|
|
|a RU
|
| 200 |
1 |
|
|a Plasmochemical reactor for regeneration of etching solutions
|f A. G. Karengin, I. A. Tikhomiriv, S. A. Sosnovsky
|
| 320 |
|
|
|a References: 1 tit.
|
| 463 |
|
1 |
|0 (RuTPU)RU\TPU\book\7822
|t Korus`98. Abstracts
|o The Second Russian-Korean International Symposium on Science and Technology, August, 30-September, 5
|f Tomsk Polytechnic University (TPU) ; Novosibirsk State Technical University
|v P. 119
|d 1998
|p 293 p.
|
| 610 |
1 |
|
|a труды учёных ТПУ
|
| 700 |
|
1 |
|a Karengin
|b A. G.
|
| 701 |
|
1 |
|a Tikhomiriv
|b I. A.
|4 070
|
| 701 |
|
1 |
|a Sosnovsky
|b S. A.
|4 070
|
| 801 |
|
1 |
|a RU
|b 63413507
|c 20091014
|
| 801 |
|
2 |
|a RU
|b 63413507
|c 20121210
|g RCR
|
| 942 |
|
|
|c BK
|